top 30 best soccer players of all time 2012 - Statistics

General Stats
  • This quiz has been taken 50 times
  • The average score is 14 of 30
Answer Stats
Hint Answer % Correct
Portugal Cristiano Ronaldo
100%
Argentina Lionel Messi
100%
Brazil Ronaldo
100%
Argentina Maradona
92%
Brazil Pele
89%
France Zinedine Zidane
86%
Spain Iniesta
83%
Brazil Neymar
69%
Netherlands Cruyff
67%
Germany Gerd Muller
67%
Brazil Ronaldinho
67%
Germany Franz Beckenbauer
61%
Italy Paolo Maldini
61%
Portugal Eusebio
47%
France Michel Platini
47%
England Bobby Charlton
44%
Argentina Di Stefano
42%
England Bobby Moore
33%
Brazil Garrincha
28%
Italy Paolo Rossi
22%
Sweden Zlatan
22%
Brazil Romario
19%
England George Best
17%
France Just Fontaine
14%
Spain Xavi Hernandez
11%
Brazil Jairzinho
8%
France Karim Benzama
3%
Italy Andrea Pirlo
0%
Italy Dino Zoff
0%
Germany Lothar Mathaus
0%
No matching quizzes found
Score Distribution
Percent of People with Each Score
Percentile by Number Answered
Your Score History
You have not taken this quiz